00810 a2200193 4500003000500000005001700005010001600022020001500038040000900053082001500062100002600077245008400103250001200187260004000199300003200239505029500271650002200566650002800588Nust20221122103542.0 a 74005690 a0125739435 cNust00a515.35,RAB1 aRabenstein, Albert L.10aElementary differential equations with linear algebra / cAlbert L. Rabenstein. a2nd ed. aNew York :bAcademic Press,c[1975] ax, 374 p. :bill. ;c25 cm. aIntroduction To Differential Equations (Page-1), Matrices And Determinants (Page-63), Vector Spaces And Linear Transformations (Page-131), Characteristics Values (Page-170), Linear Differential Equations (Page-185), Systems Of Differential Equations (Page-250), Series Solutions (Page-307). 0aAlgebras, Linear. 0aDifferential equations.